[Event "POL-chT U19 1st League"]
[Site "Karpacz"]
[Date "2013.07.28"]
[Round "7"]
[White "Szmidt, Wojciech"]
[Black "Oszczanowski, Witold"]
[Result "0-1"]
[WhiteElo "1558"]
[BlackElo "1936"]
[PlyCount "34"]
[EventDate "2013.07.22"]
[EventType "team-tourn"]
[EventRounds "9"]
[EventCountry "POL"]
[SourceTitle "EXT 2014"]
[Source "ChessBase"]
[SourceDate "2013.11.20"]
[SourceVersion "1"]
[SourceVersionDate "2013.11.20"]
[SourceQuality "1"]
[WhiteTeam "Pszczyna PSSz U19"]
[BlackTeam "Wroclaw MUKS MDK Srodmiescie U19"]
[WhiteTeamCountry "POL"]
[BlackTeamCountry "POL"]

1. e4 c5 2. Nc3 Nc6 3. f4 g6 4. Nf3 Bg7 5. Bc4 e6 6. d3 Nge7 7. 0-0 d5 8. Bb5 0-0 9. Qe1 Nd4 10. Ba4 a6 11. Nxd4 Bxd4+ 12. Kh1 b5 13. Bxb5 axb5 14. Nxb5 Bg7 15. e5 Ba6 16. Nc3 Nf5 17. Bd2 Nd4 0-1

[Event "POL-chT U19 1st League"]
[Site "Karpacz"]
[Date "2013.07.26"]
[Round "4"]
[White "Bus, Konrad"]
[Black "Szmidt, Wojciech"]
[Result "1/2-1/2"]
[WhiteElo "2070"]
[BlackElo "1558"]
[PlyCount "83"]
[EventDate "2013.07.22"]
[EventType "team-tourn"]
[EventRounds "9"]
[EventCountry "POL"]
[SourceTitle "EXT 2014"]
[Source "ChessBase"]
[SourceDate "2013.11.20"]
[SourceVersion "1"]
[SourceVersionDate "2013.11.20"]
[SourceQuality "1"]
[WhiteTeam "Wieliczka MKS MOS U19"]
[BlackTeam "Pszczyna PSSz U19"]
[WhiteTeamCountry "POL"]
[BlackTeamCountry "POL"]

1. Nf3 d5 2. d4 e6 3. c4 c6 4. Nbd2 Nf6 5. g3 Nbd7 6. Bg2 Bd6 7. 0-0 0-0 8. Qc2 e5 9. cxd5 cxd5 10. dxe5 Nxe5 11. Nxe5 Bxe5 12. Nf3 Qc7 13. Qxc7 Bxc7 14. Rd1 Be6 15. Nd4 h6 16. Bf4 Rfc8 17. Rd3 a6 18. Rad1 Bb6 19. Nxe6 fxe6 20. Rc3 Rxc3 21. bxc3 Rc8 22. Rb1 Nd7 23. e4 dxe4 24. Bxe4 Rxc3 25. Rb2 e5 26. Bd2 Rc7 27. a4 a5 28. Rb5 Rc5 29. Rb2 Rc7 30. Kg2 Kf7 31. Bf5 Bd4 32. Rb5 b6 33. f4 Nc5 34. fxe5 Bxe5 35. Rxb6 Nxa4 36. Bg6+ Ke7 37. Rb5 Bc3 38. Bxc3 Nxc3 39. Rxa5 Nd1 40. Ra3 Nc3 41. h4 Nd5 42. Rf3 1/2-1/2

[Event "POL Region-ch U17"]
[Site "Szczyrk"]
[Date "2012.10.21"]
[Round "5.7"]
[White "Slany, Wiktor"]
[Black "Szmidt, Wojciech"]
[Result "0-1"]
[WhiteElo "1622"]
[BlackElo "1510"]
[PlyCount "68"]
[EventDate "2012.10.14"]
[EventType "swiss"]
[EventRounds "9"]
[EventCountry "POL"]
[SourceTitle "EXT 2023"]
[Source "ChessBase"]
[SourceDate "2022.10.05"]
[SourceVersion "1"]
[SourceVersionDate "2022.10.05"]
[SourceQuality "1"]

1. e4 c6 2. d4 d5 3. exd5 cxd5 4. Bd3 Nc6 5. c3 Qc7 6. Bg5 g6 7. Qf3 e6 8. Ne2 Bd6 9. Nd2 h6 10. Bh4 Nge7 11. Qf6 Rf8 12. Bg3 Bd7 13. Bxd6 Qxd6 14. 0-0 0-0-0 15. Nb3 Ng8 16. Qf3 g5 17. Nc5 f5 18. Nc1 Nf6 19. b4 e5 20. Bxf5 e4 21. Bxd7+ Nxd7 22. Qe2 Nf6 23. Rb1 h5 24. b5 Ne7 25. b6 a6 26. N1b3 Nf5 27. Nxa6 Ng4 28. g3 Nh4 29. h3 Nf3+ 30. Kg2 h4 31. hxg4 Qe6 32. Nbc5 Qxg4 33. Qb5 h3+ 34. Kh1 Nxd4 0-1